| 000 | 00622nam a2200205 a 4500 | ||
|---|---|---|---|
| 005 | 20140310183415.0 | ||
| 008 | 070920s19uu xx 00 eng d | ||
| 020 | _a1556426356 | ||
| 050 |
_aRC 630 _b.B28 2004 |
||
| 100 | _aHenry, Mary Baumberger | ||
| 245 |
_aQuick look nursing : _bfluid and electrolytes. |
||
| 260 |
_aU.S.A : _bSLACK Incorporated, _c2004. |
||
| 300 |
_a150 p. : _bill. ; _c27 cm. |
||
| 521 | _aNUR | ||
| 650 |
_aWater _xelectrolyte imbalances _xNursing. |
||
| 650 |
_aBody fluid disorders _xNursing. |
||
| 650 | _aWater-electrolyte balance (Physiology). | ||
| 942 |
_cBK _2lcc _kFOR |
||
| 999 |
_c22566 _d22566 |
||